| 000 | 00544nam a2200157 a 4500 | ||
|---|---|---|---|
| 001 | 000036780 | ||
| 005 | 20200930075930.0 | ||
| 008 | 120131s1987 mx 000 0 spa d | ||
| 040 |
_aDO-SdBNP _bspa _cBNPHU |
||
| 082 |
_axxxx _bF855s |
||
| 100 | 1 |
_aFreeman, Richard B. _949792 |
|
| 245 | 1 | 3 |
_aEl sindicalismo en los Estados Unidos : _b¿ayudan o perjudican los Sindicatos a la clase trabajadora? / _cRichard B. Freeman y James L. Medoff. |
| 260 |
_aNueva York : _bEdamex, _c1987. |
||
| 300 |
_a361 p. ; _c20 cm. |
||
| 700 | 1 |
_aMedoff, James L. _963117 |
|
| 999 |
_c36271 _d36271 |
||